NHL Hockey Teams Quiz - Statistics

General Stats
  • This quiz has been taken 657,849 times
    156,325 since last reset
  • The average score is 24 of 32
Answer Stats
Team % Correct
Toronto Maple Leafs
86%
Edmonton Oilers
85%
New York Rangers
85%
Boston Bruins
84%
Montreal Canadiens
83%
Florida Panthers
82%
Los Angeles Kings
81%
New York Islanders
80%
Pittsburgh Penguins
80%
Dallas Stars
78%
Vancouver Canucks
78%
Ottawa Senators
75%
Tampa Bay Lightning
75%
Vegas Golden Knights
75%
Chicago Blackhawks
74%
San Jose Sharks
74%
Seattle Kraken
74%
Winnipeg Jets
74%
Anaheim Ducks
73%
Calgary Flames
73%
Colorado Avalanche
73%
Minnesota Wild
73%
Washington Capitals
73%
Detroit Red Wings
72%
Carolina Hurricanes
71%
New Jersey Devils
71%
Philadelphia Flyers
70%
Utah Mammoth
66%
Buffalo Sabres
65%
Nashville Predators
65%
St. Louis Blues
65%
Columbus Blue Jackets
63%
No matching quizzes found
Score Distribution
Percent of People with Each Score
Percentile by Number Answered
Your Score History
You have not taken this quiz since the last reset